00470nam a2200145 a 4500008004100000020001800041050001400059100002100073245008900094250001200183260004200195300002200237650004800259700001700307130911s2013 ||||||||||||||||| || u a9781446252376 aHD 77 Res aHarper, Caroline10aResearch for development: a practical guide. ( 2nd ed.)cby Sophie Laws (and others) a2nd ed. aLos Angeles:bSAGE Publicationsc2013 axvii, 425p.: ill. 0aECONOMIC DEVELOPMENT--RESEARCH--METHODOLOGY aLaws, Sophie